Until Birds Sing/ (Record no. 204014)

MARC details
000 -LEADER
fixed length control field 00575nam a22001937a 4500
005 - DATE AND TIME OF LATEST TRANSACTION
control field 20240911124728.0
010 ## - LCCN (DPL NO)
LC control number ENG-140821
020 ## - INTERNATIONAL STANDARD BOOK NUMBER
Terms of availability 250.00
International Standard Book Number 9788195619757
035 ## - SYSTEM CONTROL NUMBER
System control number EN-124353
037 ## - SOURCE OF ACQUISITION
Source of stock number/acquisition DBAD
082 ## - DEWEY DECIMAL CLASSIFICATION NUMBER
Classification number 881
Edition number 1
100 ## - MAIN ENTRY--PERSONAL NAME
Personal name Ray, Amita
245 ## - TITLE STATEMENT
Title Until Birds Sing/
Statement of responsibility, etc By Amita Ray
260 ## - PUBLICATION, DISTRIBUTION, ETC. (IMPRINT)
Place of publication, distribution, etc West Bengal, India.
Name of publisher, distributor, etc Official Address: 38/2 A.N.saha Road,
Date of publication, distribution, etc 2022
270 ## - ADDRESS
City West Bengal, India.
Address Kolkata- 700048,wesst Bengal, India.
Postal code 700048
300 ## - PHYSICAL DESCRIPTION
Extent 75pg.
Dimensions 210cm(pb)
760 ## - MAIN SERIES ENTRY
Edition 1
942 ## - ADDED ENTRY ELEMENTS (KOHA)
Source of classification or shelving scheme Dewey Decimal Classification
Item type English Books
Classification part 881
Call number suffix RAY
Edition 1
Holdings
Withdrawn status Lost status Not for loan Collection code Home library Current library Date acquired Source of acquisition Cost, normal purchase price Full call number Barcode Copy number Cost, replacement price Koha item type
      Non-fiction Shahdara Branch Shahdara Branch 08/07/2024 DBAD 250.00 881 RAY EN-124353 1 250.00 English Books

© Delhi Public Library
Hit Counter
free hit counter